Central Library OPAC University of Rajshahi

الأجور التشجيعية [ al'ujur altashjieia] = Wave Incentives / (Record no. 79779)

MARC details
000 -LEADER
fixed length control field 01124nam a2200253 a 4500
001 - CONTROL NUMBER
control field 79779
003 - CONTROL NUMBER IDENTIFIER
rucl marc code BD-RjUL
005 - DATE AND TIME OF LATEST TRANSACTION
control field 20220510164117.0
008 - FIXED-LENGTH DATA ELEMENTS--GENERAL INFORMATION
fixed length control field 220510s1959 ua ||||| |||| 00| 0 ara d
035 ## - SYSTEM CONTROL NUMBER
System control number (BD-RjUL)79779
040 ## - CATALOGING SOURCE
Original cataloging agency BD-RjUL
Language of cataloging eng
Transcribing agency BD-RjUL
041 ## - LANGUAGE CODE
Language code of text/sound track or separate title ara
082 ## - DEWEY DECIMAL CLASSIFICATION NUMBER
Edition number 23
Classification number 331.21
Author mark and year LOU 1959
100 1# - MAIN ENTRY--PERSONAL NAME
Personal name [loudin, kith ]لودن، كيث
9 (RLIN) 2895
245 14 - TITLE STATEMENT
Title الأجور التشجيعية [ al'ujur altashjieia] = Wave Incentives /
Statement of responsibility, etc. تأليف كيث لودن ؛ ترجمة ماهر نسيم ؛ تقديم محمد سعيد الخشاب.[alif kith ludin ; tarjamat mahir nasaym ; taqdim muhamad saeid alkhashabi.]
260 ## - PUBLICATION, DISTRIBUTION, ETC. (IMPRINT)
Place of publication, distribution, etc. القاهرة :
Name of publisher, distributor, etc. دار المعارف،
Date of publication, distribution, etc. 1959
300 ## - PHYSICAL DESCRIPTION
Pagination 173 p. :
Illustrations ill. ;
Size 22 cm
490 ## - SERIES STATEMENT
Series statement [maktabat aleulum aliaqtisadia ]مكتبة العلوم الاقتصادية
650 ## - SUBJECT ADDED ENTRY--TOPICAL TERM
Topical term or geographic name as entry element Wages
9 (RLIN) 2896
700 ## - ADDED ENTRY--PERSONAL NAME
Personal name نسيم، ماهر; [Naseem, Maher;]
Personal name [Al-Khashab, Muhammad Saeed ]الخشاب، محمد سعيد
830 ## - SERIES ADDED ENTRY--UNIFORM TITLE
Uniform title [maktabat aleulum aliaqtisadia ]مكتبة العلوم الاقتصادية
942 ## - ADDED ENTRY ELEMENTS (KOHA)
Source of classification or shelving scheme Dewey Decimal Classification
Koha item type Books
Holdings
Lost status Source of classification or shelving scheme Damaged status Not for loan Collection code Permanent Location Current Location Shelving location Date acquired Total Checkouts Full call number Date last seen Copy number Koha item type
  Dewey Decimal Classification   Not For Loan Non-fiction Central Library, University of Rajshahi Central Library, University of Rajshahi Reading Room 10/05/2022   A 331.21 LOU 1959 10/05/2022 C-1 Books